| 000 | 006760000a22001930004500 | ||
|---|---|---|---|
| 001 | 768714001 | ||
| 003 | CO-MdFUSB | ||
| 005 | 20170421161508.0 | ||
| 008 | 170421s2004 cr ||||| |||| 00| 0 spa d | ||
| 040 |
_aCO-MdFUSB _bspa _cCO-MdFUSB _dCO-MdFUSB |
||
| 041 | _aspa | ||
| 100 | 1 |
_aBartel, Stevan _eautor |
|
| 245 | 1 | 0 |
_aTres motivaciones para el ministerio infantil : _bla búsqueda del mejor camino para el servicio |
| 300 |
_aVolumen 6, número 20, Páginas 4-6 _c27 cm. |
||
| 546 | _aTexto en español | ||
| 650 | 1 | 4 | _aTRABAJO SOCIAL CON NIÑOS |
| 773 | 0 |
_tAlcanzando a los Niños en Riesgo _049458 _960576 _gVolumen 6, número 20, Páginas 4-6 _qPáginas 4 |
|
| 942 | _cANA | ||
| 999 |
_c49643 _d49643 |
||